Iskolakultúra. - 4. évf. (1994) 6. sz. melléklet
Elmentve itt :
| Dokumentumtípus: | Folyóirat |
|---|---|
| Megjelent: |
1994
|
| Sorozat: | Iskolakultúra
4 No. 6 |
| Online Access: | http://misc.bibl.u-szeged.hu/42874 |
| LEADER | 00491nas a2200145 i 4500 | ||
|---|---|---|---|
| 001 | misc42874 | ||
| 005 | 20191106141127.0 | ||
| 008 | 180720s1994 hu o 0|| zxx d | ||
| 022 | |a 1215-5233 | ||
| 040 | |a SZTE Miscellanea Repozitórium |b hun | ||
| 041 | |a zxx | ||
| 245 | 0 | 0 | |a Iskolakultúra. - 4. évf. (1994) 6. sz. melléklet |h [elektronikus dokumentum] |
| 260 | |c 1994 | ||
| 490 | 0 | |a Iskolakultúra |v 4 No. 6 | |
| 856 | 4 | 0 | |u http://misc.bibl.u-szeged.hu/42874/1/iskolakultura_1994_006_mell.pdf |z Dokumentum-elérés |